000 01369nam0a2200373 4500
001 RU\NLR\BIBL_A\022718624
005 20260407112355.0
010 _a978-5-04-216966-3
_98000
021 _aRU
_bКН-П-26-011279
_9КН-П-26-1072:27.02.2026
021 _aRU
_bКН-П-25-077943
_9КН-П-25-7558
035 _a(NLR Aleph) 022718624
090 _a13653692
_c13653692
100 _a20260204d2025 u y0rusy50 ca
101 1 _arus
_ceng
102 _aRU
105 _aab z 000ay
181 0 _ai3
_baxxe
182 0 _an
200 1 _aАрктическое зло
_fДжеймс Роллинс
_g[перевод с английского С. Саксина]
203 _aТекст
_bвизуальный
_cнепосредственный
210 _aМосква
_cЭксмо
_d2025
215 _a571, [2] с.
_cил., карты
_d22
225 1 _aКнига-загадка, книга-бестселлер
225 1 _aБестселлер New York Times!
225 1 _aСерия "Сигма"
320 _aДр. произведения авт. на 2-й с.
333 _a16+
686 1 _aШ6(7США)67-446{Лх1979-60}
700 1 _7ca
_8rus
_aРоллинс
_bД.
_f1961-
_gДжеймс
_970834
_3RU\NLR\AUTH\7787906
942 _cBOOK
980 _aNB